| 000 | 00957nam a22002537a 4500 | ||
|---|---|---|---|
| 999 |
_c22498 _d22498 |
||
| 003 | AR-CdUCM | ||
| 008 | 190409b ||||| |||| 00| 0 spa d | ||
| 020 | _a9786124126154 | ||
| 040 |
_aMUNICIPALIDAD PROVINCIAL DEL CUSCO _cBIBLIOTECA MUNICIPAL DEL CUSCO |
||
| 082 |
_a306.08985/R76 _bR76 |
||
| 100 |
_aRoel Mendizábal, Pedro _948327 |
||
| 245 |
_aLos chopcca de Huancavelica : _betnicidad y cultura en el Perú contemporáneo / _cinvestigadores, Pedro Roel Mendizábal, Marleni Martínez Vivanco |
||
| 260 |
_aLima : _bMinisterio de Cultura, _c2019. |
||
| 300 |
_a310 páginas : _bil. col., diagrs. ; _c24 cm. |
||
| 500 | _zBibliografía: p. 285-306. | ||
| 650 |
_aEtnicidad _91315 |
||
| 650 |
_aIndígenas del Perú _95715 |
||
| 650 |
_aIdentidad cultural _92943 |
||
| 650 |
_aVida y costumbres sociales _9857 |
||
| 700 |
_aMartínez Vivanco, Marleni _948334 |
||
| 710 |
_aMinisterio de Cultura Perú _948332 |
||
| 942 |
_2ddc _cLIBROS |
||
| 945 | _arac | ||